| 000 | 00932nam a22002657a 4500 | ||
|---|---|---|---|
| 003 | PE SENCICO BE | ||
| 005 | 20260304195105.0 | ||
| 008 | 260211b |||||||| |||| 00| 0 eng d | ||
| 020 | _a84-95818-08-6 | ||
| 040 |
_aPE SENCICO BE _cPE SENCICO BE |
||
| 041 | _aspa | ||
| 082 |
_a747.77 _bF38 |
||
| 100 | 1 |
_aFernández García, David _91 _eautor |
|
| 245 | 1 |
_aBedrooms : _bdormitorios exclusivos / _cDavid Fernández García |
|
| 250 | _a[1a ed.] | ||
| 260 |
_a[España] : _bEdiciones Daly : _bDaly Technical Books ; _csin año |
||
| 300 |
_avolúmenes : _bilustraciones, fotografias ; _c28,5 cm. |
||
| 505 | 0 | _aDormitorios de Bauweng G. -- Dormitorio modelo Cora Walnut | |
| 520 | 3 | _aPresenta diferentes modelos de elaboración de tipo de dormitorios | |
| 650 | 1 | 0 |
_aDormitorios _9412 |
| 650 | 2 | 0 |
_aDecoración de interiores _9398 |
| 650 | 2 | 0 |
_aMuebles de dormitorio _9415 |
| 910 | _ahfp | ||
| 942 |
_2ddc _cLIB |
||
| 999 |
_c9835 _d9835 |
||